000 00647nam a2200265Ia 4500
005 20260121170030.0
008 008 260114s9999 xx 000 0 eng d
020 _a9783319322117
037 _aEBOOK
040 _aCRL
040 _beng
040 _cCRL
041 _2eng
041 _aeng
084 _qCRL
100 _aGuenther Witzany, Mariusz Nowacki
_91058966
245 0 _aBiocommunication of Ciliates
260 _bSpringer
260 _bSpringer
260 _c2016
856 _uhttps://link.springer.com/openurl?genre=book&isbn=978-3-319-32211-7
942 _cEBOOK
999 _c1624695
_d1624695